all la liga winner. - Statistics

General Stats
  • This quiz has been taken 16 times
  • The average score is 7 of 9
Answer Stats
how many Answer % Correct
11 atletico madrid
100%
28 fc barcelona
100%
36 real madrid
100%
6 valencia
100%
1 sevilla
85%
8 athletic bilbao
77%
1 real betis
62%
2 real sociedad
54%
1 Deportivo de La Coruña
15%
No matching quizzes found
Score Distribution
Percent of People with Each Score
Percentile by Number Answered
Your Score History
You have not taken this quiz